Geografia województwa pomorskiego na mapie - Statystyki

Ogólne statystyki
  • Ten quiz został rozwiązany 105 razy
  • Średni wynik to 16 z 37
Odpowiedzi na mapie
Odpowiedzi zakodowano w zielono-czerwonej skali na mapie do tego quizu, zgodnie z poniższymi procentami.
 
Statystyki odpowiedzi
Odpowiedź % Poprawnych
Gdynia
97%
Hel
93%
Wisła
90%
Słupsk
87%
Jastarnia
80%
Tczew
80%
Władysławowo
75%
Łebsko
68%
Krynica Morska
67%
Słowiński
63%
Zatoka Pucka
60%
Łeba
56%
kartuski
55%
Człuchów
54%
bytowski
53%
Zalew Wiślany
53%
kościerski
52%
Bory Tucholskie
51%
sztumski
46%
Gardno
37%
Martwa Wisła
31%
Sobieszewska
31%
Żarnowieckie
31%
Kępice
28%
Debrzno
26%
Brusy
25%
Reda
25%
Skórcz
15%
Gwda
9%
Sarbsko
8%
Szkarpawa
8%
Damnica
6%
Gardeja
6%
Lipnica
5%
Wieprza
2%
Zaborski
1%
Choczewskie
0%
Nie znaleziono quizów pasujących do podanych kryteriów
Rozkład punktacji
Procent ludzi z każdym wynikiem
Percentyl według liczby udzielonych odpowiedzi
Twoja historia wyników
Nie rozwiązałeś tego quizu